000 00585nam a2200181Ia 4500
003 GCL
005 20240530110152.0
008 140319s9999 xx 000 0 ara d
040 _aGCL /
_cGCL
082 0 4 _a215.96216
_bق/أ أ
_221
110 0 _aالازهر الشريف
245 1 2 _aالازهر تاريخة وتطورة /
_cالازهر الشريف
260 _a[S.N] :
_bوزارة الاوقاف ،
_c1964
300 _a623 ص
650 0 4 _aالازهر بين الحديث والقديم
650 0 4 _aالازهر بين الماضى والحاضر
942 _2ddc
_cBK
999 _c59130
_d59130